BIBLIOTECA “JULIO CORTÁZAR”
ESCUELA AGROTÉCNICA “LIBERTADOR GENERAL SAN MARTÍN” - UNR – CASILDA

Logo Escuela Logo UNR

Gramíneas Ornamentales / (Record no. 572)

MARC details
000 -LEADER
campo de control de longitud fija 00778nam#a22002895a#4500
001 - NÚMERO DE CONTROL
campo de control 572
008 - DATOS DE LONGITUD FIJA--INFORMACIÓN GENERAL
campo de control de longitud fija 070613s2004####ag#a###e|f###|||1#|dspa#|
020 ## - NÚMERO INTERNACIONAL ESTÁNDAR DEL LIBRO
Número Internacional Estándar del Libro 9509725587
080 ## - NÚMERO DE LA CLASIFICACIÓN DECIMAL UNIVERSAL
Número de la Clasificación Decimal Universal 653
084 ## - OTRO NÚMERO DE CLASIFICACIÓN
Número de clasificación R93 D21
005 - FECHA Y HORA DE LA ÚLTIMA TRANSACCIÓN
campo de control 20241107184639.0
003 - IDENTIFICADOR DE NÚMERO DE CONTROL
campo de control AR-ClEAG
100 1# - ENTRADA PRINCIPAL--NOMBRE DE PERSONA
Nombre de persona Rúgolo, Zulma E.
245 03 - MENCIÓN DEL TÍTULO
Título Gramíneas Ornamentales /
Mención de responsabilidad, etc. Zulma E. Rúgolo, María de Luján Puglia.
250 ## - MENCION DE EDICION
Mención de edición 1ª ed.
260 ## - PUBLICACIÓN, DISTRIBUCIÓN, ETC.
Lugar de publicación, distribución, etc. Buenos Aires :
Nombre del editor, distribuidor, etc. L.O.L.A.,
Fecha de publicación, distribución, etc. 2004.
300 ## - DESCRIPCIÓN FÍSICA
Extensión 336 p. :
Otras características físicas il. ;
Dimensiones 25 cm.
653 ## - TÉRMINO DE INDIZACIÓN--NO CONTROLADO
Término no controlado Pastos, familia botánica
653 ## - TÉRMINO DE INDIZACIÓN--NO CONTROLADO
Término no controlado Morfología de las gramíneas
653 ## - TÉRMINO DE INDIZACIÓN--NO CONTROLADO
Término no controlado Diseño en espacios verdes
653 ## - TÉRMINO DE INDIZACIÓN--NO CONTROLADO
Término no controlado Descripción
653 ## - TÉRMINO DE INDIZACIÓN--NO CONTROLADO
Término no controlado Requerimientos
653 ## - TÉRMINO DE INDIZACIÓN--NO CONTROLADO
Término no controlado Manejos
653 ## - TÉRMINO DE INDIZACIÓN--NO CONTROLADO
Término no controlado Jardinería
700 1# - ENTRADA AGREGADA--NOMBRE PERSONAL
Nombre de persona Puglia, María de Luján.
942 ## - ELEMENTOS DE ENTRADA SECUNDARIOS (KOHA)
Tipo de ítem Koha Libros
980 ## - EQUIVALENCIA O REFERENCIA-CRUZADA-MENCIÓN DE SERIE--NOMBRE DE PERSONA/TÍTULO [LOCAL, CANADÁ]
Enlace 2
Nombre de persona Evangelina Gallicchio
Enlace entre campo y número de secuencia 2
Información miscelánea Evangelina Gallicchio
Holdings
Estatus retirado Estado de pérdida Fuente del sistema de clasificación o colocación Estado de daño No para préstamo Biblioteca de origen Biblioteca actual Ubicación en estantería Fecha de adquisición Número de inventario Total de préstamos Signatura topográfica completa Código de barras Visto por última vez Precio de reemplazo Tipo de ítem Koha
    Clasificación decimal universal     Julio Cortázar Julio Cortázar   07/11/2024 1850   R13 653 R93 D21 1 Ej.1 1850 07/11/2024 07/11/2024 Libros

Contacto

Biblioteca Julio Cortázar. Escuela Agrotécnica "Libertador San Martín". Universidad Nacional de Rosario
Dirección: Ov. Lagos 1000 - 2170 Casilda - Santa Fe - Argentina
Tel: (54) (03464) 422226.
Fax: (54) (03464) 427789.
E-Mail: biblio-eac@unr.edu.ar